000 nam a22 a 4500
999 _c419383
_d419383
003 BLK
005 20221022103756.0
008 180411b bul|||||r ||||||| j|bul||
020 _a9786197604108
040 _aBLK
041 _aBUL
_cBUL
080 _aБългарска литература
_b821.163.2
_x-32
_z821.163.2-32
100 1 _aГеоргиева, Цветелина
_eпърви автор
_9346634
139 _aГеоргиева, Цветелина
_bГ 37
245 1 0 _aИ Пенелопа пътуваше
_cЦветелина Георгиева.
257 _aBGR
260 _aРусе
_bGaiana Book Art Studio
_c2021
300 _a170 с.
_bсъс цв. сн.
_c21 см
380 _aX
942 _cKNG
_n0
_s1
_04
944 _aCR
_c2021-06-11
_kВР